Enhancing the learning process with expert systems (Record no. 67794)

MARC details
000 -CABECERA
campo de control de longitud fija 00639nam a2200241 a 4500
005 - FECHA Y HORA DE LA ÚLTIMA TRANSACCIÓN
campo de control 20210219153055.0
008 - ELEMENTOS DE LONGITUD FIJA--INFORMACIÓN GENERAL
campo de control de longitud fija 991125n 000 0 u
035 ## - NÚMERO DE CONTROL DEL SISTEMA
Número de control de sistema UPN01000076454
100 ## - ASIENTO PRINCIPAL--NOMBRE PERSONAL
Nombre de persona Gisolfi, A.
222 #0 - TÍTULO CLAVE
Título clave EDUCATIONAL TECHNOLOGY
245 #0 - MENCIÓN DE TÍTULO
Título Enhancing the learning process with expert systems
300 ## - DESCRIPCIÓN FÍSICA
Extensión 25-32
362 ## - FECHAS DE PUBLICACIÓN Y/O DESIGNACIÓN SECUENCIAL
Fecha de publicación y/o designación secuencial 33, No. 1, 1993
505 ## - NOTA DE CONTENIDO CON FORMATO PREESTABLECIDO
Nota de contenido con formato Junio 1993
653 0# - TERMINO DE INDIZACION - NO CONTROLADO
Término no controlado DISEÑO ASISTIDO POR ORDENADOR
653 0# - TERMINO DE INDIZACION - NO CONTROLADO
Término no controlado GRAMATICA
653 0# - TERMINO DE INDIZACION - NO CONTROLADO
Término no controlado PROCESOS DE APRENDIZAJES
653 0# - TERMINO DE INDIZACION - NO CONTROLADO
Término no controlado SISTEMAS EXPERTOS
700 ## - ASIENTO SECUNDARIO--NOMBRE DE PERSONAL
Nombre de persona Balzano, W.
700 ## - ASIENTO SECUNDARIO--NOMBRE DE PERSONAL
Nombre de persona Dattolo, A.
904 ## - ELEMENTOS DE DATOS D LOCAL, LDD (RLIN)
a AC
b 014265
905 ## - TIPO DE MATERIAL
Tipo de material Articulo

No items available.